000 00652nam a2200277Ia 4500
005 20260324141207.0
008 008 260324s9999 xx 000 0 eng d
020 _a9780203982334
037 _aEBOOK
040 _aCRL
040 _beng
040 _cCRL
041 _2eng
041 _aeng
084 _qCRL
100 _aYves-Frederic Livian; John G. Burgoyne
_91207282
245 0 _aMiddle Managers In Europe
260 _bTaylor and Francis
260 _c1997
365 _a
365 _b300
856 _uhttp://www.taylorfrancis.com/books/9780203982334
942 _cEBOOK
999 _c1810099
_d1810099